000 00542nam a2200193Ia 4500
003 OSt
005 20220926035449.0
006 a|||||r|||| 00| 0
007 ta
008 220923b |||||||| |||| 00| 0 eng d
037 _cGeneral Book
040 _aRTL
_cRTL
_beng
041 _2eng
_aeng
082 _aY:4:6.3.N59<---M59, J9
100 _aLipman V D
_9107036
245 0 _aCentury of social service, 1859-1959
_b the Jewish
942 _hY:4:6.3.N59<---M59, J9
_cGB
_2CC
999 _c662284
_d662284